000 00635nam a2200193 4500
001 116374
003 ES-MaACL
005 20230906190708.0
007 t|
008 061121s1961 sp r ||||1| spa d
100 1 _aPauchet, Victor.
_989621
245 1 0 _aAtlas Manual de Anatomía /
_cpor Victor Pauchet y S. Dupret ; versión por Adolfo Varela Castro.
250 _a4ª ed. aum. con arreglo a la 5ª francesa.
260 _aBarcelona :
_bGustavo Gili,
_c1961.
300 _a449 p., 424 lám. ;
_c19 cm.
700 1 _aDupret, Simon.
_9168282
700 1 _aVarela Castro, Adolfo.
_9113148
852 _aES-MaACL
_jC-21093
_bR.49096
999 _c116374
_d116374